000 00479cam a22002051 4500
001 sa 68001849
003 DLC
005 20260227112437.0
008 890629s1962 ii 000 0 telo
010 _asa 68001849
035 _a(OCoLC)19948662
040 _aDLC
_cWaU
_dDLC
042 _apremarc
050 0 0 _aPL4780.9.J6
_bS95
100 1 _aJoshua, Gurram,
_d1895-1971.
245 1 0 _aSvapnakatha.
260 _c[1962]
300 _a56 p.
_c19 cm.
500 _aIn Telugu.
999 _c78266
_d78266